00397nam a2200097Ia 45000010005000000080041000050820022000461000110000682450097001782600024002754357241024s9999 xx 000 0 und d aRD/690/R426f/2013 aRepública Dominicana. Ministerio de Obras Públicas. Programa Nacional de Edificaciones Escolares PNEE 0aFormación de la Unidad de Fiscalización del Programa Nacional de Edificaciones Escolares bSanto Domingoc2013